00990nam a2200241Ia 450000100060000000300090000600800410001504000130005604000130006904100130008210000200009510000290011524500230014424500920016725000110025926000110027026000180028126000490029930000570034850002880040565000240069365000310071734540IT-RoPAU130308s9999 xx 000 0 und d aIT-RoPAU cIT-RoPAU aITALIANO aClemente Pietro gCodice Aut. SPICS: 7970 aIdee del carnevale bLinguaggio Il Corpo la festa (Il)-Per un Ripensamento della tematica di Michail Bachtin a1a ed. aMILANO bAngeli Franco c1983 [1° Ed.:1983 - Ed.Ling.Originale:1983] a"25 p. (prefazione: no ; testo: 25 [pagine: 11-35])" aDesiderio di carnevale Carnevale Come Altra Vita e Come idea del Primitivobachtin e Frazer carnevale dei Demologi e Critica del Frazerismo Van Gennep e Il carnevale in Francia carnevale spagnolo di Caro Baroja Morte e Vita del Carnevalesco carnevale un buon Oggetto per la Conoscenza aSAGGI DI SOCIOLOGIA eCodice materia Spics: 3657